000 01286cam a22003254a 4500
999 _c7930
_d7930
001 12143399
003 OSt
005 20200117114554.0
008 000815s2001 nyua b 001 0 eng
010 _a 00043824
020 _a9788126511150
040 _aDLC
_cDLC
_dDLC
042 _apcc
050 0 0 _aHG4026
_b.D33 2001
082 0 0 _a658.15
_221
_bDAM/C
100 _a Damodaran, Aswath
_91225
245 1 0 _aCorporate finance :
_btheory and practice /
_cAswath Damodaran.
250 _a2nd ed.
260 _aNew York :
_bWiley,
_cc2002. 2004.
300 _axxvi, 982 p. :
_bcol. ill. ;
_c26 cm.
440 0 _aWiley series in finance
504 _aIncludes bibliographical references and index.
650 0 _aCorporations
_xFinance.
856 4 2 _3Contributor biographical information
_uhttp://www.loc.gov/catdir/bios/wiley042/00043824.html
856 4 2 _3Publisher description
_uhttp://www.loc.gov/catdir/description/wiley034/00043824.html
856 4 _3Table of Contents
_uhttp://www.loc.gov/catdir/toc/onix05/00043824.html
906 _a7
_bcbc
_corignew
_d1
_eocip
_f20
_gy-gencatlg
942 _2ddc
_cBK
_h658.15
_iDAM/C
_k658.15
_mDAM/C